00837nam a22002777a 4500999001700000003000900017005001700026008004100043020002100084022002200105040001000127082001100137100002600148245002400174260003600198300001200234650002400246650001600270650001200286650002700298650001400325700003100339856006400370942001200434952011300446 c16314d16314PK-NaQUE20251126130547.0251126b ||||| |||| 00| 0 eng d a‎9780074603154 a‎978-0074603154 cQUEST a531RAN aRana, Narayan Chandra aClassical Mechanics aNew Delhi:bMcgraw-Hill,c2014. a607p. ; aMechanics, Analytic aMathematics aPhysics aMechanical engineering aMechanics aJoag, Pramof Sharadchandra uhttp://10.10.170.122:8080/browse/book/28978yDownload eBook cBK2ddc 00102ddc4070aREFbREFcREFd2016-07-13g1490.00l0o531RAN (Shelf - 32C)p53929r2016-07-13 00:00:00yBK